Песни группы "Крематорий" - Армагеддон - Statistics

General Stats
  • This quiz has been taken 16 times
    14 since last reset
  • The average score is 8 of 20
Answers on the Grid
Answers color-coded by a green-red scale on the quiz's grid according to % correct below.
Безобразная Эльза
Смерти больше нет
Иномарки
Старинные часы
Орбит без сахара
Замок из дождя
Слава психонавтам
Пригородный блюз
Павлик Морозов
Реанимационная машина
Северный флот
Священный огонь
Путь во льдах
Маленькая девочка
Деньги - это бумага
Не дрянь
Красное на чёрном
Яд
Посвящение бывшей подруге
Шар цвета хаки
Забытый секс
Мусорный ветер
Амстердам
Сидя на красивом холме
Таня
Звероящер
Гоблины и хоббиты
Дрянь
Хабибулин
Опиум для никого
Зомби
Пока я любил тебя
Вермут мутно-розовый
Эксгибиционист
Америка
Египтянин
Дискотека на улице Морг
Мой друг (Он один играет блюз)
Когда ты вернёшься
Иллюзорный мир
Чемодан президента
Мега-мизантроп
Блуждающий биоробот
Это пройдёт
Три источника
 
Answer Stats
Answer % Correct
Безобразная Эльза
91%
Маленькая девочка
82%
Мусорный ветер
73%
Реанимационная машина
64%
Таня
55%
Зомби
55%
Павлик Морозов
45%
Яд
45%
Амстердам
45%
Хабибулин
45%
Иллюзорный мир
36%
Смерти больше нет
27%
Посвящение бывшей подруге
27%
Гоблины и хоббиты
27%
Америка
27%
Дискотека на улице Морг
27%
Три источника
27%
Чемодан президента
18%
Не дрянь
9%
Звероящер
9%
No matching quizzes found
Score Distribution
Percent of People with Each Score
Percentile by Number Answered
Your Score History
You have not taken this quiz since the last reset